000 00600cam a2200241 4500
001 J3915
008 090401t1996 xxu||||| |||| 00| 0 eng d
035 _a(Sirsi) u57435
041 _aeng
050 _a658.99
100 _aFellows, R.F.
245 4 _aThe management of risk.
260 _aAscot,Berks.
_bCIOB
_c1996
300 _a8p. ; 30cm.
350 _a0
490 _aConstruction Papers
_v65
650 _aCONSTRUCTION INDUSTRY
650 _aRISK MANAGEMENT
690 _aBUILT ENVIRONMENT
710 _aChartered Institute of Building
_92134
942 _n0
948 _c04/03/1997
999 _c93933
_d93933